Integral transforms in science and engineering /

Guardado en:
Autor Principal: Wolf, Kurt Bernardo.
Formato: Libro
Idioma:English
Publicado: New York : Plenum Press, c1979.
Series:Mathematical concepts and methods in science and engineering ; v. 11
Etiquetas: Agregar Etiqueta
Sin Etiquetas, Sea el primero en etiquetar este registro!
LEADER 00691pam a22002055a 4500
001 MAT.inmabb002479
008 780816s1979####nyua#####b####001#0#eng##
005 20110316120923.0
245 1 0 |a Integral transforms in science and engineering /  |c Kurt Bernardo Wolf. 
260 |a New York :  |b Plenum Press,  |c c1979. 
300 |a xiii, 489 p. :  |b il. ;  |c 24 cm. 
440 0 |a Mathematical concepts and methods in science and engineering ;  |v v. 11 
504 |a Bibliografía: p. 459-468. 
510 4 |a MR,  |c 80d:44002 
020 |a 0306392518 
100 1 |a Wolf, Kurt Bernardo. 
084 |a 44-01 (00A69)  |2 msc2000 
010 |a  78012482  
040 |a DLC  |c DLC  |d DLC 
859 |h 44  |i W853  |p A-5005  |b BIB. MATEMATICA